000
00315nam a22001337a 4500
008
210527b ||||| |||| 00| 0 eng d
041
_a
eng
080
_a
371
082
_a
371
100
_a
46
101
_a
EDU
245
_a
The an Associated Press Guide to Good News Writing Word
_c
Cappon,R.J
942
_2
udc
_c
BK
999
_c
57681
_d
57681